<?xml version="1.0" encoding="UTF-8"?><?xml-stylesheet type="text/xsl" href="static/style.xsl"?><OAI-PMH xmlns="http://www.openarchives.org/OAI/2.0/" xmlns:xsi="http://www.w3.org/2001/XMLSchema-instance" xsi:schemaLocation="http://www.openarchives.org/OAI/2.0/ http://www.openarchives.org/OAI/2.0/OAI-PMH.xsd"><responseDate>2026-04-18T02:26:21Z</responseDate><request verb="GetRecord" identifier="oai:riubu.ubu.es:10259/6272" metadataPrefix="marc">https://riubu.ubu.es/oai/request</request><GetRecord><record><header><identifier>oai:riubu.ubu.es:10259/6272</identifier><datestamp>2021-12-14T01:00:31Z</datestamp><setSpec>com_10259.4_103</setSpec><setSpec>com_10259.4_1</setSpec><setSpec>com_10259_2604</setSpec><setSpec>col_10259_6064</setSpec></header><metadata><record xmlns="http://www.loc.gov/MARC21/slim" xmlns:doc="http://www.lyncode.com/xoai" xmlns:xsi="http://www.w3.org/2001/XMLSchema-instance" xmlns:dcterms="http://purl.org/dc/terms/" xsi:schemaLocation="http://www.loc.gov/MARC21/slim http://www.loc.gov/standards/marcxml/schema/MARC21slim.xsd">
<leader>00925njm 22002777a 4500</leader>
<datafield tag="042" ind1=" " ind2=" ">
<subfield code="a">dc</subfield>
</datafield>
<datafield tag="720" ind1=" " ind2=" ">
<subfield code="a">Rilova Pérez, Isaac</subfield>
<subfield code="e">author</subfield>
</datafield>
<datafield tag="260" ind1=" " ind2=" ">
<subfield code="c">2015</subfield>
</datafield>
<datafield tag="520" ind1=" " ind2=" ">
<subfield code="a">Las desamortizaciones de bienes eclesiásticos llevadas&#xd;
a cabo por los gobiernos liberales de la primera mitad del siglo XIX y&#xd;
fundamentalmente la actuación de Mendizábal en 1836 declarando&#xd;
suprimidos todos los monasterios, conventos, colegios, congregaciones&#xd;
y demás casas de comunidades religiosas, implicaron la exclaustración&#xd;
forzosa de miles de religiosos y el abandono inmediato de los&#xd;
edificios monásticos. Uno de los cenobios afectados fue el de los Bene -&#xd;
dictinos de San Juan de Burgos, apresuradamente solicitado para&#xd;
la instalación en sus dependencias del Presidio Peninsular de Burgos,&#xd;
establecimiento carcelario incómodo para los burgaleses y cuya permanencia&#xd;
en la ciudad se prolongó durante casi una centuria.</subfield>
</datafield>
<datafield tag="520" ind1=" " ind2=" ">
<subfield code="a">The expropriation of church property held by the Libe -&#xd;
ral government in the first half of the XIX century, specially the&#xd;
performance of Mendizábal in 1836 who suppressed the monasteries,&#xd;
convents, schools, churches and other houses of religious communities,&#xd;
involved the forced secularization of thousands of members of&#xd;
religious congregations and the immediate abandonment of the mo -&#xd;
nastic buildings. One of the monasteries affected was San Juan of&#xd;
Burgos property of the Benedectine Order, hastily applied for the installation in its dependences of the Presidio Peninsular de Burgos,&#xd;
an uncomfortable prison for the city of Burgos whose stay in town&#xd;
lasted almost a century.</subfield>
</datafield>
<datafield tag="024" ind2=" " ind1="8">
<subfield code="a">0211-8998</subfield>
</datafield>
<datafield tag="024" ind2=" " ind1="8">
<subfield code="a">http://hdl.handle.net/10259/6272</subfield>
</datafield>
<datafield ind1=" " ind2=" " tag="653">
<subfield code="a">Monasterio de San Juan</subfield>
</datafield>
<datafield ind1=" " ind2=" " tag="653">
<subfield code="a">Instituciones penitenciarias</subfield>
</datafield>
<datafield ind1=" " ind2=" " tag="653">
<subfield code="a">Burgos</subfield>
</datafield>
<datafield ind1=" " ind2=" " tag="653">
<subfield code="a">Siglos XIX y primera mitad del XX</subfield>
</datafield>
<datafield ind1=" " ind2=" " tag="653">
<subfield code="a">Correctional institutions</subfield>
</datafield>
<datafield ind1=" " ind2=" " tag="653">
<subfield code="a">XIX century and early XX century</subfield>
</datafield>
<datafield tag="245" ind1="0" ind2="0">
<subfield code="a">El Monasterio de San Juan de Burgos: de Cárcel Correccional a Prisión Central (1835-1932)</subfield>
</datafield>
</record></metadata></record></GetRecord></OAI-PMH>